The Role of Public Policy (with an Emphasis on Economic Growth) in the Modern State

Zistenie vplyvu politiky na hospodárstvo s dôrazom na hospodársky rast a verejné dlhy. Schéma vývoja moderných ekonomík. Schéma tvorby moderného štátu. Priemerný ročný hospodársky rast a výška verejného dlhu podľa jednotlivých krajín.

Uložené v:
Podrobná bibliografia
Hlavný autor: Červená, Karolína
Ďalší autori: Olexová, Cecília, 1976-
Médium: Kapitola
Jazyk:English
Predmet:
Tagy: Pridať tag
Žiadne tagy, Buďte prvý, kto otaguje tento záznam!

MARC

LEADER 00000naa$a2200000$$$4500
001 0249976
005 20240502083713.2
041 0 |a eng 
044 |a CZ 
245 1 0 |a The Role of Public Policy (with an Emphasis on Economic Growth) in the Modern State  |c Karolína Červená, Cecília Olexová 
520 |a Zistenie vplyvu politiky na hospodárstvo s dôrazom na hospodársky rast a verejné dlhy. Schéma vývoja moderných ekonomík. Schéma tvorby moderného štátu. Priemerný ročný hospodársky rast a výška verejného dlhu podľa jednotlivých krajín. 
610 2 0 |a rast hospodársky 
610 2 0 |a politika verejná 
610 2 0 |a vzťahy hospodárske medzinárodné 
610 2 0 |a rozvoj regionálny 
610 2 0 |a financie verejné 
610 2 0 |a vláda 
610 2 0 |a politika 
100 1 |a Červená, Karolína 
700 1 |a Olexová, Cecília, 1976-